SCIENC AND SOCIETY (Record no. 26321)

MARC details
000 -LEADER
fixed length control field 00314nam a22001457a 4500
003 - CONTROL NUMBER IDENTIFIER
control field SGT
020 ## - INTERNATIONAL STANDARD BOOK NUMBER
International Standard Book Number 9789358427875
082 ## - DEWEY DECIMAL CLASSIFICATION NUMBER
Classification number 614.7
Item number CHA
100 ## - MAIN ENTRY--PERSONAL NAME
Personal name CHAUDHARY, DR. ARCHNA
245 ## - TITLE STATEMENT
Title SCIENC AND SOCIETY
260 ## - PUBLICATION, DISTRIBUTION, ETC. (IMPRINT)
Place of publication, distribution, etc INDIA
Name of publisher, distributor, etc BOOK RIVERS
Year of Publication 2024
300 ## - PAGE DESCRIPTION
No. of Pages 121
650 ## - SUBJECT ADDED ENTRY--TOPICAL TERM
Topical term or geographic name as entry element SCIENCE
942 ## - ADDED ENTRY ELEMENTS (KOHA)
Source of classification or shelving scheme Dewey Decimal Classification
Koha item type Books
Holdings
Withdrawn status Lost status Source of classification or shelving scheme Damaged status Not for loan Collection code Home library Current library Shelving location Date acquired Vendor Name SGTU Total Checkouts Full call number Accession No. (Barcode) Date last seen Bill Date Koha item type
    Dewey Decimal Classification   Not For Loan SCIENCE SGT Science & Social Sciences Library SGT Science & Social Sciences Library Reference Book 30/04/2024 FACULTY PUBLICATION SGTU   614.7 CHA PS7094 30/04/2024 30/04/2024 Books